00634 2200181 4500001002100000005001500021035002000036007000300056008004100059020002300100082000900123084001500132100002700147245016300174250001600337260006300353300003600416INLIS00000000000000720231031031636 a0010-1023000003ta231031 0 ind  a978-602-244-381-0; a509; a509 SRI b;0 aSri Handayani Lestari;1 abuku panduan guru ilmu pengetahuan alam untuk smp kelas VIII; /cSri Handayani Lestari;Victoriani Inabuy;Cece Sutia;Okky Fajar Maryana;Budiyanti Dwi Hardanie; acat 1 2021; aJakarta Selatan; :bPusat Perbukuan Badan Standar;,c2021; ax,198 hlm :bilus ;c17,6x25 cm